Statistiques concernant Couleur Violette

Cliquez ici pour prendre le quiz!

Statistiques générales

  • Ce quiz a été pris 54 fois
  • Le résultat moyen est 3 sur 14

Statistiques - réponses

TeinteCouleur% Correct
Mauve
60%
Lilas
51%
Lavande
40%
Parme
34%
Aubergine
28%
Prune
26%
Violine
15%
iAméthyste
13%
Zinzolin
13%
Orchidée
6%
Évèque (d')
2%
Glycine
2%
Héliotrope
2%
Minéral
0%

Distribution des résultats

Percentile par nombre de réponses

% des personnes avec chaque résultat

Votre développement - résultats

Vous n’avez pas pris ce quiz